Fr. Conceicao Rodrigues College of Engineering

Turner-Second year Assignment (Record no. 31903)

MARC details
000 -LEADER
fixed length control field 00296nam a2200145Ia 4500
082 ## - DEWEY DECIMAL CLASSIFICATION NUMBER
Classification number 621.9
Item number CIM
100 ## - MAIN ENTRY--PERSONAL NAME
Personal name CIMI-D.G.T.Z
245 ## - TITLE STATEMENT
Title Turner-Second year Assignment
260 ## - PUBLICATION, DISTRIBUTION, ETC.
Name of publisher, distributor, etc. CIMI
Place of publication, distribution, etc. Chennai
300 ## - PHYSICAL DESCRIPTION
Extent 47
546 ## - LANGUAGE NOTE
Language note ENGLISH
650 ## - SUBJECT ADDED ENTRY--TOPICAL TERM
Topical term or geographic name entry element Turner
654 ## - SUBJECT ADDED ENTRY--FACETED TOPICAL TERMS
Focus term turner
942 ## - ADDED ENTRY ELEMENTS (KOHA)
Koha item type BOOK
Holdings
Withdrawn status Lost status Damaged status Not for loan Collection Home library Current library Date acquired Total Checkouts Full call number Barcode Date last seen Price effective from Koha item type
        ITI Fr. Agnel's C.Rodrigues College of Engineering Fr. Agnel's C.Rodrigues College of Engineering 17/03/2023   621.9 CIM ITI514 17/03/2023 17/03/2023 BOOK